Territoriality in Current Hungarian Foreign Policy

Úloha teritoriality v súčasnej maďarskej zahraničnej politike, najmä pokiaľ ide o maďarské menšiny, žijúce v susedstve s inými krajinami. Poukazovanie na historické, sociálne, ideologické a medzinárodné aspekty prístupu k tejto problematike v zahraničnej politike, realizovanej dvoma konzervatívnymi...

Ausführliche Beschreibung

Gespeichert in:
Bibliographische Detailangaben
1. Verfasser: Kurucz, Milan, 1954-
Format: Buchkapitel
Sprache:Englisch
Schlagworte:
Tags: Tag hinzufügen
Keine Tags, Fügen Sie das erste Tag hinzu!

MARC

LEADER 00000naa$a2200000$$$4500
001 0298490
005 20240502074525.8
041 0 |a eng 
044 |a SK 
245 1 0 |a Territoriality in Current Hungarian Foreign Policy  |c Milan Kurucz 
520 |a Úloha teritoriality v súčasnej maďarskej zahraničnej politike, najmä pokiaľ ide o maďarské menšiny, žijúce v susedstve s inými krajinami. Poukazovanie na historické, sociálne, ideologické a medzinárodné aspekty prístupu k tejto problematike v zahraničnej politike, realizovanej dvoma konzervatívnymi stranami v rozdielnych medzinárodných podmienkach: krátko po skončení studenej vojny, kedy došlo k rozpadu mnohonárodných štátov, susediacich s Maďarskom a v dvadsiatom prvom storočí, kedy sa Maďarsko stalo členským štátom NATO a EÚ a vzťahy v strednej Európe sa stabilizovali. 
610 2 0 |a politika zahraničná 
610 2 0 |a Maďarsko 
610 2 0 |a menšiny národnostné 
610 2 0 |a Európska únia 
610 2 0 |a NATO 
100 1 |a Kurucz, Milan, 1954-